Produccion de Tall Oil a partir del pulpeo Kraft usando pinus caribaea
Gespeichert in:
| 1. Verfasser: | |
|---|---|
| Format: | Abschlussarbeit Buch |
| Sprache: | Undetermined |
| Veröffentlicht: |
1985
|
| Schlagworte: | |
| Tags: |
Tag hinzufügen
Keine Tags, Fügen Sie den ersten Tag hinzu!
|
MARC
| LEADER | 00000nam a2200000Ia 4500 | ||
|---|---|---|---|
| 001 | 2970 | ||
| 008 | 140114s9999 xx 000 0 und d | ||
| 100 | |a Arce, Luis Fernando | ||
| 245 | |a Produccion de Tall Oil a partir del pulpeo Kraft usando pinus caribaea | ||
| 260 | |c 1985 | ||
| 500 | |a NULL | ||
| 502 | |a Escuela de ingenieria Quimica | ||
| 650 | |z PRODUCCION DE TALL OIL | ||
| 999 | |c 11702 |d 11702 | ||
